01785nam a2200265 a 4500001001000000005001700010008004100027041000800068044000700076084002000083100004500103245009500148260003100243300002200274500038700296500048800683500001001171650005201181650005601233650003401289650004501323700005301368700004801421740005001469BRCA_271720190320203933.0031208s1892----sp-a---###---#000-0#spa-u aspa asp a217b.G67c18921 aCervantes Saavedra, Miguel ded1547-161610aEl Ingenioso Hidalgo Don Quijote de la Manchaccompuesto por Miguel de Cervantes Saavedra. aBarcelonabC. Gorchsc1892 a6 v.bil.c23 cm. aContenido : v 1. Primera parte. Dedicatoria de la Real Academia Española por el editor. Dedicatoria del autor. Prólogo del autor. Versos preliminares. Texto. Variantes. -- v 2. Texto. Variantes. -- v 3. Texto. Variantes. -- v 4. Segunda parte. Retrato de Cervantes. Dedicatoria del autor. Prólogo del autor. Texto. Variantes. -- v 5. Texto. Variantes. -- v 6. Texto. Variantes aVa dedicada a la Academia Española en agradecimiento por haber concedido al Sr. Gorchs la reproducción del retrato de Cervantes y las láminas en acero, que exornaron las ediciones académicas. Las variantes que van al final de todos los tomos están tomadas de las ediciones de la Academia, de Pellicer, Clemencín y Hartzenbusch. Ilustraciones de Carnicero, del Castillo, Brunete, Barranco, Rivelles y otros. Semipiel; lomeras decoradas con filetes dorados Lúdovik Osterc aQM21014aNovela españolayÉpoca clásica, 1500-170014aLiteratura españolayÉpoca clásica, 1500-170014aNovela españolaySiglo XVII14aDon Quijote (Personaje ficticio)eNovela1 aCarnicero Mancio, Antoniod1748-1814eIlustrador1 aCastillo, José deld1737-1793eIlustrador0 aEl Ingenioso Hidalgo Don Quijote de la Mancha